| 000 | 00402 a2200133 4500 | ||
|---|---|---|---|
| 001 | 92288 | ||
| 082 | _aPR 2530 | ||
| 090 |
_c44242 _d44243 |
||
| 100 | _aMuhammad Hassan Naeem; Dr. Jahanzeb Burki and Dr. Azhar Hassan (Advisors) | ||
| 245 |
_adevelopment of Synthetic Apperture Radar (SAR for PAF) _n78 "B" EC |
||
| 260 |
_aIslamabad _bNUST _c2015 |
||
| 300 | _axiii,83p. | ||
| 500 | _aBE Project Reports | ||
| 942 |
_aCAE NUST _kPR 2530 |
||
| 999 |
_c327361 _d327361 |
||